Estudios sobre el desarrollo del capitalismo / (Registro nro. 5475)

Detalles MARC
000 -LEADER
fixed length control field 01503nam a2200301Ia 4500
003 - CONTROL NUMBER IDENTIFIER
control field OSt
005 - DATE AND TIME OF LATEST TRANSACTION
control field 20200609184059.0
008 - FIXED-LENGTH DATA ELEMENTS--GENERAL INFORMATION
fixed length control field 191128s1978 mx gr 000 0 spa d
020 ## - INTERNATIONAL STANDARD BOOK NUMBER
International Standard Book Number 9682302358
040 ## - CATALOGING SOURCE
Original cataloging agency CO-JMCR
Transcribing agency CO-JMCR
041 1# - LANGUAGE CODE
Language code of text/sound track or separate title spa
Language code of original eng
082 04 - DEWEY DECIMAL CLASSIFICATION NUMBER
Classification number 330.122 /
Item number D632e
Edition number 23
100 1# - MAIN ENTRY--PERSONAL NAME
Personal name Dobb, Maurice,
Relator term autor
9 (RLIN) 2560
245 10 - TITLE STATEMENT
Title Estudios sobre el desarrollo del capitalismo /
Statement of responsibility, etc. Maurice Dobb ; traducción de Luis Etcheverry ; revisión técnica de Reyna Pastor de Togneri
250 ## - EDITION STATEMENT
Edition statement Décima edición
260 ## - PUBLICATION, DISTRIBUTION, ETC.
Place of publication, distribution, etc. México :
Name of publisher, distributor, etc. Siglo veintiuno,
Date of publication, distribution, etc. 1978
300 ## - PHYSICAL DESCRIPTION
Extent 496 páginas ;
Dimensions 20 cm.
490 0# - SERIES STATEMENT
Series statement Historia
505 ## - FORMATTED CONTENTS NOTE
Formatted contents note Capitalismo -- La declinación del feudalismo y el crecimiento de las ciudades -- Los comienzos de la burguesía -- El surgimiento del capital industrial -- Acumulación de capital y mercantilismo -- Crecimiento del proletariado -- La revolución industrial
520 ## - SUMMARY, ETC.
Summary, etc. Este libro es ya un clásico en el estudio de los orígenes y las primeras etapas del capitalismo. De entre las múltiples discusiones que sus tesis originaron se destaca aquella que, suscitada por una nota crítica de Paul Sweezy.
534 ## - ORIGINAL VERSION NOTE
Introductory phrase Studies in the development of capitalism
546 ## - LANGUAGE NOTE
Language note Traducido del inglés
650 14 - SUBJECT ADDED ENTRY--TOPICAL TERM
Topical term or geographic name entry element Capitalismo
General subdivision Desarrollo económico
9 (RLIN) 5305
651 24 - SUBJECT ADDED ENTRY--GEOGRAPHIC NAME
Source of heading or term Revolución industrial
General subdivision Feudalismo Capital
9 (RLIN) 5306
700 1# - ADDED ENTRY--PERSONAL NAME
Personal name Echeverry, Luis,
Relator term traductor
9 (RLIN) 5307
700 1# - ADDED ENTRY--PERSONAL NAME
Personal name Pastor de Togneri, Reyna,
Relator term revisora
9 (RLIN) 5308
942 ## - ADDED ENTRY ELEMENTS (KOHA)
Source of classification or shelving scheme Dewey Decimal Classification
Koha item type Books
Existencias
Withdrawn status Lost status Source of classification or shelving scheme Materials specified (bound volume or other part) Damaged status Not for loan Home library Current library Shelving location Date acquired Source of acquisition Cost, normal purchase price Total Checkouts Full call number Barcode Date last seen Copy number Price effective from Koha item type Public note
    Dewey Decimal Classification Donación--15/04/2018--     Biblioteca Pública José María del Castillo y Rada Biblioteca Pública José María del Castillo y Rada General Stacks 11/28/2019 Donación 0.00   330.122 / D632e 430001963 05/16/2024 Ej.1 11/28/2019 Books Exlibris: algunas páginas rayadas